Credit crunch slams the brake on China's great housing boom (Record no. 81556)

MARC details
000 -LEADER
fixed length control field 00998cab a22001935a 4500
001 - CONTROL NUMBER
control field L147520
008 - FIXED-LENGTH DATA ELEMENTS--GENERAL INFORMATION
fixed length control field 090519s2009 xxkd f 000 0 eng d
035 ## - SYSTEM CONTROL NUMBER
System control number (Sirsi) u147520
041 0# - LANGUAGE CODE
Language code of text/sound track or separate title eng
110 2# - MAIN ENTRY--CORPORATE NAME
Corporate name or jurisdiction name as entry element GlobalProperty
9 (RLIN) 5528
245 00 - TITLE STATEMENT
Title Credit crunch slams the brake on China's great housing boom
260 ## - PUBLICATION, DISTRIBUTION, ETC.
Date of publication, distribution, etc. 2009
490 #0 - SERIES STATEMENT
Series statement Global Property
Volume/sequential designation 3 March 2009, 18-19(2)
520 ## - SUMMARY, ETC.
Summary, etc. Analysesthe current state of the residential property market in China where 10 years of soaring house prices and booming investment have been reversed by six months of credit crunch. Surveys market opinion on whether the next few years will be vintage years for foreign investment in Chinese real estate or whether it would be prudent to stay out of this market for 2009 at least. Table covers house sales by floor space per month, January 2007 to December 2008.
590 ## - LOCAL NOTE (RLIN)
Local note KA
651 #4 - SUBJECT ADDED ENTRY--GEOGRAPHIC NAME
Geographic name China
690 ## - LOCAL SUBJECT ADDED ENTRY--TOPICAL TERM (OCLC, RLIN)
Topical term or geographic name as entry element PROPERTY-RESIDENTIAL PROPERTY-RESIDENTIAL PROPERTY FINANCE AND INVESTMENT
942 ## - ADDED ENTRY ELEMENTS (KOHA)
Suppress in OPAC 0
Holdings
Withdrawn status Lost status Source of classification or shelving scheme Damaged status Not for loan Home library Current library Shelving location Date acquired Total Checkouts Full call number Barcode Date last seen Copy number Price effective from Koha item type
    Dewey Decimal Classification     London London Journal article 19/05/2009   L147520 147520-1001 06/08/2019 1 06/08/2019 Journal article